| 000 | 00642nam a2200241Ia 4500 | ||
|---|---|---|---|
| 003 | OSt | ||
| 005 | 20220918175054.0 | ||
| 006 | a|||||r|||| 00| 0 | ||
| 007 | ta | ||
| 008 | 220917b |||||||| |||| 00| 0 eng d | ||
| 024 | _a15,560 | ||
| 037 | _cTextual | ||
| 040 |
_aARTS _cARTS _beng |
||
| 041 |
_2eng _aeng |
||
| 082 | _aNA44,C, N2 | ||
| 100 |
_aSnodgrass Adrian _952798 |
||
| 245 | 0 | _aSymnolosm of the Stupa | |
| 260 |
_aDelhi _bMotilal Banarsidas Pub _c1992 |
||
| 300 |
_aix,469p. _ccm. |
||
| 650 |
_aARCHITECTURE; ARTS _92230 |
||
| 942 |
_hNA44,C, N2 _cTEXL _2CC |
||
| 999 |
_c155958 _d155958 |
||